| 000 | 00751nam a2200217Ia 4500 | ||
|---|---|---|---|
| 003 | OSt | ||
| 005 | 20251128145619.0 | ||
| 008 | 220917b |||||||| |||| 00| 0 eng d | ||
| 037 | _cTB | ||
| 040 |
_aARTS _cARTS _beng |
||
| 041 |
_2eng _aeng |
||
| 084 |
_aP:7 K4 _qAL |
||
| 100 |
_aSpencer, John Ed. _930965 |
||
| 245 | 0 | _aLinguistics and style John Spencer; Essay in applied linguistics; Approach to the study of style | |
| 260 |
_aLondon, UK: _bOxford University Press; _c1964. |
||
| 490 | _aLanguage and language learning ed by Ronald Mackin and Peter Strevens | ||
| 650 |
_aLINGUISTICS _9853545 |
||
| 700 |
_a Gregory, Michael Ed. _968143 |
||
| 942 |
_hP:7 K418 (PD)-;1 _cTB _2CC _n0 |
||
| 999 |
_c179606 _d179606 |
||